| 000 | 00436nam a22001817a 4500 | ||
|---|---|---|---|
| 003 | CEME | ||
| 005 | 20210628203719.0 | ||
| 008 | 210414b xxu||||| |||| 00| 0 eng d | ||
| 020 | _a0-471-55612-2 | ||
| 040 | _c. | ||
| 082 | _a620.86 COV'S | ||
| 100 |
_aCovan, James _966982 |
||
| 245 | _aSafety engineering | ||
| 260 |
_aNEWYORK _bJOHN WILEY _c1994 |
||
| 300 | _aXV, 233P | ||
| 650 |
_aINDUSTRIAL SAFETY _925925 |
||
| 942 |
_cBK _2ddc |
||
| 999 |
_c574840 _d574840 |
||